[Event "Andalucia-ch U10"]
[Site "Islantilla"]
[Date "2012.04.14"]
[Round "5"]
[White "Gutierrez Gutierrez, Roberto"]
[Black "Parreno Dominguez, Pablo"]
[Result "1-0"]
[WhiteElo "1268"]
[BlackElo "1223"]
[PlyCount "37"]
[EventDate "2012.04.13"]
[EventType "swiss"]
[EventRounds "9"]
[EventCountry "ESP"]
[SourceTitle "CBM 148 Extra"]
[Source "ChessBase"]
[SourceDate "2012.06.22"]
[SourceVersion "1"]
[SourceVersionDate "2012.06.22"]
[SourceQuality "1"]

1. e4 d6 2. d4 g6 3. Nf3 Bg7 4. Bc4 Nf6 5. Nc3 0-0 6. 0-0 c5 7. dxc5 dxc5 8. Qxd8 Rxd8 9. e5 Nfd7 10. Nd5 Nc6 11. Rd1 e6 12. Nc3 Ncxe5 13. Nxe5 Bxe5 14. Bg5 Re8 15. Nb5 a6 16. Nc7 b5 17. Be2 Nb6 18. Bf3 Rb8 19. Bc6 1-0

[Event "Andalucia-ch U08 1011"]
[Site "Almeria"]
[Date "2011.03.25"]
[Round "4.2"]
[White "Gutierrez Gutierrez, Roberto"]
[Black "Perez Beltran, Salvador"]
[Result "1-0"]
[WhiteElo "1234"]
[BlackElo "1095"]
[PlyCount "33"]
[EventDate "2011.03.25"]
[EventType "swiss"]
[EventRounds "9"]
[EventCountry "ESP"]
[SourceTitle "EXT 2024"]
[Source "ChessBase"]
[SourceDate "2023.10.10"]
[SourceVersion "1"]
[SourceVersionDate "2023.10.10"]
[SourceQuality "1"]

1. e4 e5 2. Nf3 Nc6 3. Bb5 d6 4. c3 Nf6 5. d4 Bd7 6. Bg5 Be7 7. d5 Nb8 8. Bxd7+ Qxd7 9. Nbd2 0-0 10. 0-0 h6 11. Bh4 Na6 12. Qb3 Nc5 13. Qc2 Qa4 14. Qxa4 Nxa4 15. Rab1 Nc5 16. Rfe1 Nd3 17. Re2 1-0

[Event "Almeria-ch Juvenil"]
[Site "Almeria"]
[Date "2011.01.22"]
[Round "1.11"]
[White "Gutierrez Gutierrez, Roberto"]
[Black "Wang Qiu, Jorge"]
[Result "0-1"]
[WhiteElo "1248"]
[BlackElo "1520"]
[PlyCount "82"]
[EventDate "2011.01.22"]
[EventType "swiss"]
[EventRounds "6"]
[EventCountry "ESP"]
[SourceTitle "EXT 2024"]
[Source "ChessBase"]
[SourceDate "2023.10.10"]
[SourceVersion "1"]
[SourceVersionDate "2023.10.10"]
[SourceQuality "1"]

1. e4 e6 2. d4 d5 3. exd5 exd5 4. Nf3 Bd6 5. Bd3 Ne7 6. 0-0 Bf5 7. Bxf5 Nxf5 8. Re1+ Ne7 9. Nc3 c6 10. Bg5 f6 11. Be3 0-0 12. Ne2 Nd7 13. Bf4 Qc7 14. Qd2 Ng6 15. Bxd6 Qxd6 16. Ng3 Nb6 17. b3 Qf4 18. Qxf4 Nxf4 19. Re3 Rae8 20. Rxe8 Rxe8 21. Re1 Rxe1+ 22. Nxe1 g6 23. Nd3 Nxd3 24. cxd3 a5 25. Ne2 Nd7 26. Nf4 Kf7 27. g3 Nb8 28. a3 Na6 29. Ne2 Nc7 30. Nc3 Ne6 31. Ne2 Ke7 32. f4 c5 33. Nc3 Nxd4 34. Nxd5+ Ke6 35. Nc7+ Kd6 36. Ne8+ Ke7 37. Nc7 Nxb3 38. Nd5+ Kf7 39. g4 Nc1 40. f5 Nxd3 41. fxg6+ hxg6 0-1